000 00605nam a22001937a 4500
999 _c185987
_d185987
005 20220211143451.0
010 _aENG-131538
020 _a9789812530932
_c769.00
035 _aEN-115070
037 _bDBAD
082 _a670
100 _aGroover, Mikell P.
245 _aFundamentals Of Modern Manufacturing:
_bMaterials, Processes, and systems/
_cMikell P. Grover
250 _aSecond Edition
260 _aSingapore
_bJohn Wiley & Sons Pvt. Ltd
_c2005
270 _a2 Clementi Loop#02-01
_bSingapore
_e129809
300 _a1008p.
_bIndex
_c24cm(pbk)
942 _2ddc
_cEN
_h670
_mGRO